Handbook of milk of non-bovine mammals
The book comprehensively covers the most important aspects of milk production including: trends and methods of raw milk production in different regions; compositional, nutritional, therapeutic, physico-chemical, and microbiological characteristics of the milks; processing technology; and types, dist...
Spremljeno u:
| Format: | Knjiga |
|---|---|
| Jezik: | Undetermined |
| Izdano: |
Ames, Iowa
Blackwell Pub.
2006
|
| Teme: | |
| Oznake: |
Dodaj oznaku
Bez oznaka, Budi prvi tko označuje ovaj zapis!
|
| Thư viện lưu trữ: | Trung tâm Học liệu Trường Đại học Cần Thơ |
|---|
| LEADER | 01468nam a2200193Ia 4500 | ||
|---|---|---|---|
| 001 | CTU_132036 | ||
| 008 | 210402s9999 xx 000 0 und d | ||
| 020 | |c 3240000 | ||
| 082 | |a 637.17 | ||
| 082 | |b H236 | ||
| 245 | 0 | |a Handbook of milk of non-bovine mammals | |
| 245 | 0 | |c Edited by Young W. Park, George F.W. Haenlein | |
| 260 | |a Ames, Iowa | ||
| 260 | |b Blackwell Pub. | ||
| 260 | |c 2006 | ||
| 520 | |a The book comprehensively covers the most important aspects of milk production including: trends and methods of raw milk production in different regions; compositional, nutritional, therapeutic, physico-chemical, and microbiological characteristics of the milks; processing technology; and types, distribution and consumption of the manufactured products from minor species milks. Of special note is coverage comparing specific human health attributes of milk from the various species, including nutritional, allergenic, immunological, and cultural factors. Because secondary dairy species have such a significant impact on human well-being and survival in many parts of the world, the Handbook of Milk of Non-Bovine Mammals is an essential reference book of leading-edge information for dairy scientists, nutritionists, food chemists, allergy specialists, health professionals, and allied professionals | ||
| 650 | |a Milk.,Livestock,Dairying,Gia súc,Sữa,Bơ sữa | ||
| 904 | |i Huỳnh Mai | ||
| 980 | |a Trung tâm Học liệu Trường Đại học Cần Thơ | ||